000 00581nam a22002057a 4500
003 OSt
005 20210414102230.0
008 210311s1967 ||||| |||| 00| 0 eng d
040 _aeng
_beng
_cDLC
041 _aeng
080 _a821.111
_bC-47
100 _91389
_aCharteris, Leslie
245 _aCall for the Saint
_c/ by: A Macfadden-Bartell Book
260 _aNew York
_bA Macfadden-Bartell Book
_c1967
300 _a159 p.
365 _b0.6 usd
650 0 _9254
_aEnglish literature
653 _aინგლისური ლიტერატურა
942 _2udc
_cBK
999 _c2161
_d2161